• 首页
  • 本馆介绍
  • 公告通知
  • 最新文献
  • 馆藏检索
  • 电子资源
  • 读者导购
  • 参考咨询
  • 我的图书馆
  • 登录
  • 详细信息显示
  • 放入我的书架
  • 预约/预借图书
  • 作者相关作品
  • 分类相关作品
  • 丛书相关作品
  • 出版社相关作品

书目信息

  • 表格格式
  • 工作单格式
  • 卡片格式
题名:
高中地理读图作业图册
    
 
作者: 李大庆 , 金桂森 编
分册: 上  
出版信息: 北京   中国地图出版社  1988.09
页数: 46页
开本: 26cm
丛书名:
单 册:
中图分类: G633.55
科图分类:
主题词: 教育--各级
电子资源:
ISBN: 7-5031-0349-3
000 00614nam0 2200205 45
001 0405050979
005 20040505091236.1
010    @a7-5031-0349-3@dCNY0.80
100    @a20040505d1988 km y0chiy0120 ea
101 0  @achi
105    @a z 000yy
200 1  @a高中地理读图作业图册@h上@AGao Zhong Di Li Du Tu Zuo Ye Tu Ce@f李大庆,金桂森编@FLi Da Qing,Jin Gui Sen Bian
210    @a北京@c中国地图出版社@d1988.09
215    @a46页@c绘图@d26cm
606 0  @a教育@x各级
690    @aG633.55@v3
701  0 @a李大庆@4编
701  0 @a金桂森@4编
801    @aCN@bPftUser@c20040505
905    @f1@b221003@dG633.55@e103:1=3
    
    高中地理读图作业图册.上/李大庆,金桂森编.-北京:中国地图出版社,1988.09
    46页:绘图;26cm
    
    
    ISBN 7-5031-0349-3:CNY0.80
    
●
相关链接 在E读中查询图书 在五车中查询图书 在当当中查询图书 在豆瓣中查询图书


正题名:高中地理读图作业图册     索取号:G633.55/103:1=3         预约/预借

序号 登录号 条形码 馆藏地/架位号 状态 备注
1 0221003   000604769   密集书库/ [索取号:G633.55/103:1=3] 在馆    
2 0221004   000604750   第一样本阅览室/ [索取号:G633.55/103:1=3] 在馆    
唐山师范学院图书馆 欢迎您!
大连网信软件有限公司© 版权所有